[Event "Bayernliga U20 1617"]
[Site "Bayern"]
[Date "2016.11.12"]
[Round "1.5"]
[White "Buzatu, Alexander"]
[Black "Noettling, Dominik"]
[Result "0-1"]
[WhiteElo "1761"]
[BlackElo "1863"]
[PlyCount "78"]
[EventDate "2016.11.12"]
[EventType "team-tourn"]
[EventRounds "7"]
[EventCountry "GER"]
[SourceTitle "EXT 2022"]
[Source "ChessBase"]
[SourceDate "2021.10.06"]
[SourceVersion "1"]
[SourceVersionDate "2021.10.06"]
[SourceQuality "1"]
[WhiteTeam "Erlangen SC U20"]
[BlackTeam "Forchheim SC U20"]
[WhiteTeamCountry "GER"]
[BlackTeamCountry "GER"]

1. e4 c5 2. Nc3 Nc6 3. f4 d6 4. Bc4 g6 5. Nf3 Bg7 6. 0-0 Nf6 7. Qe1 0-0 8. d3 a6 9. f5 gxf5 10. Qh4 Na5 11. Bh6 Bxh6 12. Qxh6 Nxc4 13. dxc4 Ng4 14. Qg5+ Kh8 15. exf5 Rg8 16. Qh5 f6 17. Nh4 Rg5 18. Qf7 Ne3 19. Rf3 Nxf5 20. Nxf5 Bxf5 21. Re1 Rg7 22. Qxg7+ Kxg7 23. Rxf5 Qd7 24. Rf3 e6 25. Rfe3 Re8 26. Nd5 Kf7 27. Nf4 e5 28. Nd5 f5 29. Rf1 Rg8 30. Rff3 Rg5 31. Nc3 Kg6 32. b3 b5 33. cxb5 axb5 34. a4 b4 35. Nb1 Qc6 36. Nd2 e4 37. Rf1 d5 38. Kf2 f4 39. h4 fxe3+ 0-1

[Event "GER-chT U20"]
[Site "Osnabrueck"]
[Date "2012.12.29"]
[Round "5.6"]
[White "Noettling, Dominik"]
[Black "Thanabalasingam, Ajandhan"]
[Result "0-1"]
[WhiteElo "1811"]
[BlackElo "1871"]
[PlyCount "106"]
[EventDate "2012.12.27"]
[EventType "team-swiss"]
[EventRounds "7"]
[EventCountry "GER"]
[SourceTitle "EXT 2014"]
[Source "ChessBase"]
[SourceDate "2013.11.20"]
[SourceVersion "1"]
[SourceVersionDate "2013.11.20"]
[SourceQuality "1"]
[WhiteTeam "Forchheim"]
[BlackTeam "Bochum SG"]
[WhiteTeamCountry "GER"]
[BlackTeamCountry "GER"]

1. e4 c5 2. Nf3 d6 3. d4 cxd4 4. Nxd4 Nf6 5. Nc3 a6 6. Bg5 Nbd7 7. f4 Qc7 8. Qf3 h6 9. Bxf6 Nxf6 10. h3 e6 11. g4 g6 12. f5 gxf5 13. gxf5 e5 14. Nb3 b5 15. a3 Bb7 16. 0-0-0 Rc8 17. Rh2 h5 18. Kb1 Qb6 19. Nd2 Bh6 20. a4 b4 21. Nd5 Bxd5 22. exd5 Bxd2 23. Rdxd2 Ke7 24. Qd3 a5 25. Rhg2 Rhg8 26. Qf3 Rxg2 27. Bxg2 Rc3 28. Qf2 Qxf2 29. Rxf2 Rc4 30. b3 Rd4 31. c3 bxc3 32. Kc2 Nxd5 33. Bxd5 Rxd5 34. Kxc3 Rc5+ 35. Kd3 d5 36. Re2 Kd6 37. Rg2 d4 38. Rg8 Rc3+ 39. Kd2 Rxb3 40. Rd8+ Ke7 41. Rd5 Kf6 42. Rxa5 Rxh3 43. Ra8 Ra3 44. a5 h4 45. Ke2 h3 46. Kf2 h2 47. Kg2 Ra2+ 48. Kh1 d3 49. a6 d2 50. Rd8 Ra1+ 51. Kxh2 d1Q 52. Rxd1 Rxd1 53. a7 Ra1 0-1

[Event "GER-chT U20"]
[Site "Osnabrueck"]
[Date "2012.12.28"]
[Round "4.6"]
[White "Spielberger, Moritz"]
[Black "Noettling, Dominik"]
[Result "1/2-1/2"]
[WhiteElo "1521"]
[BlackElo "1811"]
[PlyCount "126"]
[EventDate "2012.12.27"]
[EventType "team-swiss"]
[EventRounds "7"]
[EventCountry "GER"]
[SourceTitle "EXT 2014"]
[Source "ChessBase"]
[SourceDate "2013.11.20"]
[SourceVersion "1"]
[SourceVersionDate "2013.11.20"]
[SourceQuality "1"]
[WhiteTeam "Heidesheim"]
[BlackTeam "Forchheim"]
[WhiteTeamCountry "GER"]
[BlackTeamCountry "GER"]

1. e4 c5 2. Nf3 Nc6 3. d3 g6 4. g3 d6 5. Bg2 Bg7 6. 0-0 Bg4 7. h3 Bd7 8. Nc3 Qc8 9. Kh2 h6 10. Ne2 g5 11. Ne1 Nf6 12. c3 Ne5 13. d4 cxd4 14. cxd4 Ng6 15. f4 gxf4 16. Nxf4 Nxf4 17. Bxf4 Qc4 18. Qd3 Qxd3 19. Nxd3 Bc6 20. Rfe1 Rc8 21. Rac1 0-0 22. Nb4 Nd7 23. Nxc6 bxc6 24. e5 dxe5 25. dxe5 c5 26. b3 e6 27. Bf1 Nb6 28. Rc2 Rfd8 29. Rec1 Bf8 30. Be3 Nd7 31. Ba6 Rc7 32. Rd1 Rb8 33. Bf4 Bg7 34. Re1 Rb4 35. Bf1 Rb6 36. Bg2 a5 37. Re3 Ra7 38. a4 Rc7 39. Bf1 Rb4 40. Bb5 Nb6 41. Rec3 Bf8 42. Bd2 Ra7 43. h4 Nd5 44. Rf3 Re4 45. Bf4 Ra8 46. Re2 Rd4 47. Rd2 Rc8 48. Rxd4 cxd4 49. Rd3 Rc2+ 50. Kh3 Bc5 51. Bxh6 Rc3 52. Bd2 Rxd3 53. Bxd3 Bb4 54. Bf4 Bc3 55. Kg2 Nb4 56. Be4 Nd5 57. Kf3 Nxf4 58. Kxf4 Kg7 59. h5 f6 60. exf6+ Kxf6 61. g4 Bd2+ 62. Kf3 e5 63. Bd3 Kg5 1/2-1/2

[Event "GER-ch U14 DEM"]
[Site "Oberhof"]
[Date "2010.05.28"]
[Round "8"]
[White "Brinkmann, Fabian"]
[Black "Noettling, Dominik"]
[Result "1/2-1/2"]
[WhiteElo "1726"]
[BlackElo "1801"]
[PlyCount "68"]
[EventDate "2010.05.23"]
[EventType "swiss"]
[EventRounds "9"]
[EventCountry "GER"]
[SourceTitle "CBM 136 Extra"]
[Source "ChessBase"]
[SourceDate "2010.07.02"]
[SourceVersion "2"]
[SourceVersionDate "2010.07.15"]
[SourceQuality "1"]

1. d4 Nf6 2. c4 e6 3. Nf3 b6 4. Nc3 Bb4 5. Qc2 Bb7 6. Bg5 h6 7. Bxf6 Qxf6 8. a3 Bxc3+ 9. Qxc3 d6 10. g3 Nc6 11. Rd1 Ne7 12. Bg2 0-0 13. 0-0 Nf5 14. Rfe1 Be4 15. Nh4 Bxg2 16. Nxg2 c5 17. e3 cxd4 18. exd4 Rac8 19. Ne3 Nxe3 20. fxe3 d5 21. b3 Qe7 22. Ra1 Rc7 23. Qd3 Rfc8 24. Rec1 e5 25. Rc3 exd4 26. exd4 dxc4 27. bxc4 Qe6 28. d5 Qd6 29. Rb1 a6 30. a4 Rd8 31. Qd4 Rc5 32. Rcb3 Rb8 33. Kf2 Kf8 34. R1b2 Rb7 1/2-1/2

[Event "GER-ch U14 DEM"]
[Site "Oberhof"]
[Date "2010.05.27"]
[Round "5"]
[White "Noettling, Dominik"]
[Black "Yankelevich, Lev"]
[Result "0-1"]
[WhiteElo "1801"]
[BlackElo "1926"]
[PlyCount "74"]
[EventDate "2010.05.23"]
[EventType "swiss"]
[EventRounds "9"]
[EventCountry "GER"]
[SourceTitle "CBM 136 Extra"]
[Source "ChessBase"]
[SourceDate "2010.07.02"]
[SourceVersion "2"]
[SourceVersionDate "2010.07.15"]
[SourceQuality "1"]

1. e4 Nf6 2. e5 Nd5 3. c4 Nb6 4. d4 d6 5. exd6 exd6 6. Nc3 Be7 7. Bd3 Nc6 8. Nf3 Bg4 9. Be4 0-0 10. b3 f5 11. Bxc6 bxc6 12. Bb2 Bf6 13. 0-0 Nc8 14. d5 c5 15. Na4 Ne7 16. h3 Bh5 17. Qd3 Ng6 18. g3 Qd7 19. Rae1 Bxb2 20. Nxb2 f4 21. Ng5 h6 22. Ne6 Ne5 23. Rxe5 dxe5 24. g4 Bf7 25. Nxf8 Rxf8 26. Qe4 Qd6 27. f3 Bg6 28. Qe2 e4 29. fxe4 Re8 30. Nd3 Rxe4 31. Qh2 Qf6 32. Qf2 f3 33. Qxf3 Qd4+ 34. Rf2 Re3 35. Qf8+ Kh7 36. Nf4 Rf3 37. Nxg6 Qxf2+ 0-1

[Event "GER-ch U14 DEM"]
[Site "Oberhof"]
[Date "2010.05.26"]
[Round "4"]
[White "Groetzbach, Julian"]
[Black "Noettling, Dominik"]
[Result "1/2-1/2"]
[WhiteElo "1861"]
[BlackElo "1801"]
[PlyCount "120"]
[EventDate "2010.05.23"]
[EventType "swiss"]
[EventRounds "9"]
[EventCountry "GER"]
[SourceTitle "CBM 136 Extra"]
[Source "ChessBase"]
[SourceDate "2010.07.02"]
[SourceVersion "2"]
[SourceVersionDate "2010.07.15"]
[SourceQuality "1"]

1. e4 c5 2. Nf3 Nc6 3. d4 cxd4 4. Nxd4 g6 5. c4 Nf6 6. Nc3 d6 7. Be2 Nxd4 8. Qxd4 Bg7 9. Be3 0-0 10. Qd2 Be6 11. 0-0 Qd7 12. f3 Rac8 13. b3 b6 14. Rac1 Qb7 15. Nd5 Nxd5 16. cxd5 Bd7 17. Bg5 Rxc1 18. Rxc1 Re8 19. Rc2 Bf8 20. Qc1 Rc8 21. Kf1 Rxc2 22. Qxc2 h6 23. Be3 Bg7 24. a4 a6 25. Qd2 Kh7 26. Qc2 b5 27. a5 Qc8 28. Qxc8 Bxc8 29. Bb6 Bb7 30. Kf2 Be5 31. g3 e6 32. dxe6 fxe6 33. Ke3 d5 34. Bd3 Bc3 35. Bc2 d4+ 36. Kd3 g5 37. Bd1 h5 38. Be2 Bc6 39. Bf1 Kg6 40. Bh3 Kf7 41. Bd8 b4 42. Ke2 g4 43. Bg2 Bb5+ 44. Kd1 d3 45. f4 Bc6 46. Bb6 Kg6 47. Bd8 Kf7 48. Bb6 Ke7 49. Bc5+ Kd7 50. Bb6 e5 51. f5 Ke7 52. Bc5+ Kf6 53. Bb6 Kg5 54. Be3+ Kf6 55. Bb6 Kg7 56. Be3 Bb5 57. Bb6 h4 58. gxh4 Kh6 59. Bf1 Kh5 60. Be3 Bb2 1/2-1/2

[Event "GER-chT U14"]
[Site "Arendsee"]
[Date "2009.12.27"]
[Round "2.3"]
[White "Noettling, Dominik"]
[Black "Masalsky, Nicolai"]
[Result "1-0"]
[WhiteElo "1688"]
[BlackElo "1622"]
[PlyCount "67"]
[EventDate "2009.12.27"]
[EventType "team-swiss"]
[EventRounds "7"]
[EventCountry "GER"]
[SourceTitle "EXT 2022"]
[Source "ChessBase"]
[SourceDate "2021.10.06"]
[SourceVersion "1"]
[SourceVersionDate "2021.10.06"]
[SourceQuality "1"]
[WhiteTeam "Forchheim SC U14"]
[BlackTeam "Paderborn 2000 U14"]
[WhiteTeamCountry "GER"]
[BlackTeamCountry "GER"]

1. e4 c5 2. Nf3 Nc6 3. d4 cxd4 4. Nxd4 g6 5. Nc3 Bg7 6. Be3 Nf6 7. Be2 0-0 8. Qd2 d5 9. Nxc6 bxc6 10. Rd1 e6 11. h4 Bb7 12. Bh6 dxe4 13. Qc1 Qb6 14. Bxg7 Kxg7 15. h5 e3 16. Qxe3 Qxe3 17. fxe3 Rad8 18. hxg6 fxg6 19. 0-0 Nd5 20. Rxf8 Rxf8 21. Nxd5 exd5 22. Bf3 Kf6 23. e4 Ke5 24. exd5 cxd5 25. Re1+ Kf6 26. c4 Rd8 27. b4 Ba8 28. c5 Rc8 29. a4 a5 30. Bg4 Rc6 31. Re8 Bb7 32. Rb8 h5 33. Rxb7 hxg4 34. Rb6 1-0

[Event "GER-ch U12"]
[Site "Willingen"]
[Date "2009.06.02"]
[Round "5"]
[White "Noettling, Dominik"]
[Black "Keller, Peter1111"]
[Result "0-1"]
[WhiteElo "1781"]
[BlackElo "1458"]
[PlyCount "154"]
[EventDate "2009.05.30"]
[EventType "swiss"]
[EventRounds "11"]
[EventCountry "GER"]
[SourceTitle "EXT 2010"]
[Source "ChessBase"]
[SourceDate "2010.11.25"]
[SourceVersion "1"]
[SourceVersionDate "2010.11.25"]
[SourceQuality "1"]

1. e4 c5 2. Nf3 Nc6 3. d4 cxd4 4. Nxd4 Nf6 5. Nc3 e5 6. Ndb5 d6 7. Nd5 Nxd5 8. exd5 Nb8 9. c4 Be7 10. Be3 0-0 11. Qd2 a6 12. Nc3 f5 13. f4 Nd7 14. Be2 Nf6 15. 0-0-0 e4 16. Kb1 Bd7 17. h3 Qc7 18. Rhg1 Rfb8 19. Rc1 Qd8 20. g4 b5 21. Kc2 b4 22. Nb1 Qa5 23. Kd1 Qxa2 24. gxf5 Bxf5 25. Bg4 Nxg4 26. hxg4 Bd7 27. c5 dxc5 28. d6 Bf6 29. Rg2 Ba4+ 30. Ke1 Bh4+ 31. Bf2 e3 32. Qxe3 Re8 33. Qxe8+ Rxe8+ 34. Kf1 Bb5+ 35. Kg1 Bxf2+ 36. Rxf2 Qd5 37. Rd2 Qe6 38. f5 Qe3+ 39. Kh1 Qxd2 40. Nxd2 Rd8 41. Nb3 c4 42. Na5 Rxd6 43. Nxc4 Rc6 44. b3 Bxc4 45. bxc4 a5 46. Ra1 Rxc4 47. Rxa5 Rxg4 48. Rb5 Kf7 49. Kh2 Kf6 50. Kh3 Rc4 51. Kh2 Rc2+ 52. Kg1 Rc1+ 53. Kg2 Rb1 54. Kh2 b3 55. Kg2 h5 56. Kh2 b2 57. Kg2 h4 58. Kh2 Kg5 59. Kg2 Kg4 60. Kh2 h3 61. f6 gxf6 62. Rb3 f5 63. Rb5 f4 64. Rb4 Kf3 65. Rb3+ Kf2 66. Rb4 f3 67. Rb3 Ke2 68. Rb4 f2 69. Re4+ Kf3 70. Rb4 f1Q 71. Rf4+ Ke3 72. Rf3+ Kd4 73. Rxf1 Rxf1 74. Kxh3 b1Q 75. Kg2 Qc2+ 76. Kg3 Qf2+ 77. Kg4 Qg2+ 0-1

[Event "GER-chT U12"]
[Site "Leipzig"]
[Date "2008.12.27"]
[Round "2"]
[White "Noettling, Dominik"]
[Black "Urban, Lars"]
[Result "0-1"]
[WhiteElo "1728"]
[BlackElo "1857"]
[PlyCount "98"]
[EventDate "2008.12.27"]
[EventType "team-swiss"]
[EventRounds "7"]
[EventCountry "GER"]
[SourceTitle "EXT 2010"]
[Source "ChessBase"]
[SourceDate "2010.11.25"]
[SourceVersion "1"]
[SourceVersionDate "2010.11.25"]
[SourceQuality "1"]
[WhiteTeam "Forchheim SC U12"]
[BlackTeam "Erfurt Empor U12"]
[WhiteTeamCountry "GER"]
[BlackTeamCountry "GER"]

1. e4 e6 2. d4 d5 3. Nd2 Nf6 4. e5 Nfd7 5. Ndf3 c5 6. dxc5 Bxc5 7. Ne2 Nc6 8. Bf4 Qb6 9. Bg3 Qxb2 10. c3 Qb6 11. Qd2 h6 12. Nf4 Ndxe5 13. Nxe5 Nxe5 14. Nxd5 exd5 15. Bxe5 Qe6 16. Bb5+ Bd7 17. Bxd7+ Kxd7 18. Qe2 Rhe8 19. f4 f6 20. Rd1 fxe5 21. Qb5+ Kd8 22. Qxc5 exf4+ 23. Kd2 Rc8 24. Qd4 Qe2+ 25. Kc1 Qxa2 26. Qxd5+ Qxd5 27. Rxd5+ Kc7 28. Rf1 Kb8 29. Rxf4 Rxc3+ 30. Kb1 Rce3 31. Kc2 Re2+ 32. Kc3 Rxg2 33. Rd7 Rc8+ 34. Kb3 Rg6 35. Rff7 Rb6+ 36. Ka3 g5 37. Ka4 a6 38. Ka5 Rb5+ 39. Ka4 Rc1 40. Rd3 Rc4+ 41. Ka3 Rc1 42. Ka2 Rc2+ 43. Ka3 Rxh2 44. Rh7 h5 45. Rd8+ Ka7 46. Rdh8 g4 47. Rg8 Rh3+ 48. Ka2 g3 49. Rgg7 h4 0-1

[Event "Nuremberg LGA Cup 5th"]
[Site "Nuremberg"]
[Date "2008.09.06"]
[Round "4"]
[White "Hirschberg, Valerian"]
[Black "Noettling, Dominik"]
[Result "1-0"]
[WhiteElo "2070"]
[BlackElo "1728"]
[PlyCount "103"]
[EventDate "2008.09.04"]
[EventType "swiss"]
[EventRounds "7"]
[EventCountry "GER"]
[SourceTitle "CBM 126 Extra"]
[Source "ChessBase"]
[SourceDate "2008.11.05"]
[SourceVersion "1"]
[SourceVersionDate "2008.11.05"]
[SourceQuality "1"]

1. Nf3 Nf6 2. c4 e6 3. g3 b6 4. Bg2 Bb7 5. d4 c5 6. dxc5 bxc5 7. 0-0 Be7 8. Bf4 d5 9. cxd5 exd5 10. Qb3 Qb6 11. Nc3 d4 12. Nb5 Na6 13. Na3 Bd5 14. Qxb6 axb6 15. Ne5 Bxg2 16. Kxg2 Nd5 17. Nb5 Nxf4+ 18. gxf4 0-0 19. a4 Rfe8 20. Kf3 Bd8 21. b3 Re6 22. Rad1 Nc7 23. e3 Nxb5 24. axb5 Ra3 25. Rd3 Bf6 26. Nc4 Ra2 27. Rfd1 h6 28. R3d2 Ra7 29. e4 Bd8 30. Rb2 Bc7 31. Rdd2 Re8 32. Ra2 Rea8 33. Rxa7 Rxa7 34. e5 Kf8 35. Ke4 Ke7 36. Kd5 Kd7 37. f5 Ra8 38. e6+ fxe6+ 39. fxe6+ Kd8 40. Kc6 Rc8 41. Nxb6 Bf4+ 42. Nxc8 Bxd2 43. e7+ Ke8 44. Kxc5 Bf4 45. Kxd4 Bxh2 46. b6 Bb8 47. Ke4 h5 48. Kf5 g6+ 49. Kg5 Bh2 50. b7 Bb8 51. b4 Kd7 52. b5 1-0

[Event "GER-ch U12"]
[Site "Willingen"]
[Date "2008.05.17"]
[Round "11"]
[White "Takeuchi, Eiki"]
[Black "Noettling, Dominik"]
[Result "1/2-1/2"]
[WhiteElo "1778"]
[BlackElo "1728"]
[PlyCount "106"]
[EventDate "2008.05.11"]
[EventType "swiss"]
[EventRounds "11"]
[EventCountry "GER"]
[SourceTitle "CBM 124 Extra"]
[Source "ChessBase"]
[SourceDate "2008.07.03"]
[SourceVersion "1"]
[SourceVersionDate "2008.07.03"]
[SourceQuality "1"]

1. e4 c5 2. c4 Nc6 3. Ne2 g6 4. d4 cxd4 5. Nxd4 Bg7 6. Be3 d6 7. Nc3 Nf6 8. Be2 0-0 9. 0-0 Bd7 10. f3 Qb6 11. Qd2 Nxe4 12. Nxc6 Nxd2 13. Nxe7+ Kh8 14. Bxb6 Nxf1 15. Bf2 Rae8 16. Ned5 Nd2 17. Rd1 Rxe2 18. Nxe2 Nxc4 19. b3 Ne5 20. Ndc3 Nc6 21. Rxd6 Bf5 22. Rd1 a6 23. Be3 Re8 24. Bc5 Rd8 25. Rxd8+ Nxd8 26. Bd4 Nc6 27. Bxg7+ Kxg7 28. Kf2 Kf6 29. Ke3 Ke5 30. Nd4 Nxd4 31. f4+ Kd6 32. Kxd4 h5 33. g3 b5 34. a3 Bc2 35. b4 Bf5 36. Ne4+ Bxe4 37. Kxe4 Ke6 38. Kd4 Kd6 39. h3 f6 40. g4 h4 41. Ke4 Ke7 42. Kd5 Kd7 43. Ke4 Ke7 44. g5 fxg5 45. fxg5 Ke6 46. Kf4 Kd5 47. Kg4 Ke4 48. Kxh4 Kf3 49. a4 bxa4 50. b5 a3 51. bxa6 a2 52. a7 a1Q 53. a8Q+ Qxa8 1/2-1/2

[Event "GER-ch U12"]
[Site "Willingen"]
[Date "2008.05.12"]
[Round "3"]
[White "Noettling, Dominik"]
[Black "Lebeda, Timo"]
[Result "1-0"]
[WhiteElo "1728"]
[BlackElo "1889"]
[PlyCount "77"]
[EventDate "2008.05.11"]
[EventType "swiss"]
[EventRounds "11"]
[EventCountry "GER"]
[SourceTitle "CBM 124 Extra"]
[Source "ChessBase"]
[SourceDate "2008.07.03"]
[SourceVersion "1"]
[SourceVersionDate "2008.07.03"]
[SourceQuality "1"]

1. e4 c5 2. Nf3 d6 3. d4 cxd4 4. Nxd4 Nf6 5. Nc3 a6 6. Bg5 Nbd7 7. f4 b5 8. Bxf6 Nxf6 9. e5 b4 10. exf6 bxc3 11. bxc3 Qc7 12. Qd2 gxf6 13. c4 Bb7 14. Rg1 Rc8 15. c3 Qc5 16. Qe3 Bh6 17. Rb1 Ba8 18. Qf2 Qa3 19. Nb3 Qa4 20. Rd1 Qc6 21. Nd2 0-0 22. Bd3 Bg7 23. Qh4 h6 24. g4 d5 25. g5 Qe6+ 26. Be2 fxg5 27. fxg5 Kh8 28. gxh6 Qxh6 29. Qxh6+ Bxh6 30. cxd5 Bxd5 31. c4 Bxd2+ 32. Rxd2 Bxc4 33. Rd4 Bd3 34. Rxd3 Rc1+ 35. Bd1 Rxd1+ 36. Kxd1 Rd8 37. Rxd8+ Kh7 38. Rd3 Kh8 39. Rh3# 1-0

[Event "GER-ch U12"]
[Site "Willingen"]
[Date "2008.05.12"]
[Round "4"]
[White "Xu, Xianliang"]
[Black "Noettling, Dominik"]
[Result "0-1"]
[WhiteElo "1801"]
[BlackElo "1728"]
[PlyCount "144"]
[EventDate "2008.05.11"]
[EventType "swiss"]
[EventRounds "11"]
[EventCountry "GER"]
[SourceTitle "CBM 124 Extra"]
[Source "ChessBase"]
[SourceDate "2008.07.03"]
[SourceVersion "1"]
[SourceVersionDate "2008.07.03"]
[SourceQuality "1"]

1. e4 c5 2. d4 cxd4 3. c3 dxc3 4. Nxc3 Nc6 5. Nf3 d6 6. Bc4 e6 7. 0-0 Nf6 8. Qe2 Be7 9. Rd1 e5 10. h3 0-0 11. Bg5 Be6 12. Bxf6 Bxf6 13. Nd5 Be7 14. Qd2 Bxd5 15. Bxd5 Qb6 16. Rac1 Rac8 17. Rc3 Na5 18. Rdc1 Rxc3 19. Qxc3 Nc6 20. b3 Nb4 21. Qd2 Nxd5 22. Qxd5 h6 23. Qc4 a6 24. Qc7 Bd8 25. Qd7 g6 26. Ne1 Kg7 27. Rc8 Bh4 28. Rc2 Rd8 29. Qg4 Bf6 30. Nf3 h5 31. Qg3 Rd7 32. Nh4 Bxh4 33. Qxh4 Rc7 34. Rxc7 Qxc7 35. Kh2 Qc2 36. Qe7 Qxf2 37. Qxb7 Qxa2 38. Qd5 Qa3 39. Qc4 a5 40. Qd5 Qc5 41. Qd2 Qb6 42. Qd3 Qd4 43. Qe2 a4 44. bxa4 Qxa4 45. Qd3 Qd4 46. Qe2 d5 47. exd5 Qxd5 48. Qe3 Qd4 49. Qe2 e4 50. Qe1 e3 51. Qf1 Qe5+ 52. Kg1 e2 53. Qe1 Qe3+ 54. Kh1 Qd3 55. Qa1+ Kh7 56. Kh2 Qd6+ 57. g3 Qd2 58. Kg1 e1R+ 59. Qxe1 Qxe1+ 60. Kg2 h4 61. gxh4 Qxh4 62. Kh2 g5 63. Kg2 f5 64. Kh2 g4 65. Kg2 Qxh3+ 66. Kf2 f4 67. Ke2 Qf3+ 68. Kd2 g3 69. Kc2 g2 70. Kd2 g1R 71. Kc2 Rg2+ 72. Kc1 Qf1# 0-1